[Event "87th Argentinean Championship"]
[Site "Villa Martelli, ARG"]
[Date "2013.04.07"]
[Round "5.9"]
[White "Lujan, Carolina"]
[Black "Cuevas, Alex"]
[Result "1-0"]
[WhiteElo "2366"]
[BlackElo "2298"]

1. e4 c5 2. Nf3 e6 3. d3 Nc6 4. g3 d5 5. Qe2 Nf6 6. Bg2 Be7 7. O-O b6 8. e5
Nd7 9. c4 d4 10. Ne1 Bb7 11. f4 Qc7 12. Nf3 O-O 13. Nbd2 Rae8 14. Bh3 Kh8 15.
Ne4 Nd8 16. Bd2 f6 17. exf6 Nxf6 18. Nfg5 Nxe4 19. Nxe4 Nf7 20. Bxe6 Nd6 21.
f5 Bc8 22. Bf4 Qd8 23. Bxd6 Bxd6 24. Bxc8 Qxc8 25. Qh5 Rxe4 26. dxe4 Be5 27.
Qe2 Qc6 28. Qd3 Qh6 29. Rf3 Rf6 30. a3 Qh3 31. b4 h5 32. Ra2 Rh6 33. Rg2 Qg4
34. b5 h4 35. h3 Qxh3 36. g4 Bg3 37. e5 Qxg4 38. e6 Kg8 39. Qe2 Kf8 40. f6
1-0

[Event "87th Argentinean Championship"]
[Site "Villa Martelli, ARG"]
[Date "2013.04.07"]
[Round "5.10"]
[White "Fabian, Gaston"]
[Black "Giardelli, Sergio C."]
[Result "1-0"]
[WhiteElo "2336"]
[BlackElo "2346"]

1. d4 Nf6 2. c4 e6 3. Nc3 Bb4 4. e3 c5 5. Nge2 cxd4 6. exd4 O-O 7. a3 Be7 8.
Nf4 d6 9. Be3 Re8 10. Be2 Bf8 11. O-O a6 12. Rc1 Nbd7 13. b4 b6 14. d5 e5 15.
Nd3 e4 16. Nb2 Rb8 17. h3 g6 18. Nba4 Bg7 19. Bf4 Ne5 20. c5 b5 21. Nb2 Bf5
22. c6 Nh5 23. Bxh5 gxh5 24. Nxe4 Qh4 25. c7 Rbc8 26. Nxd6 Qxf4 27. Nxe8 Bxh3
28. Qb3 Bg4 29. Nxg7 Kxg7 30. Qe3 Qf6 31. f4 Ng6 32. Qc3 h4 33. Qxf6+ Kxf6
34. Rc6+ Ke7 35. d6+ Kd7 36. Rxa6 h3 37. Nd3 1-0

[Event "87th Argentinean Championship"]
[Site "Villa Martelli, ARG"]
[Date "2013.04.07"]
[Round "5.12"]
[White "Mayo, Raul"]
[Black "Della Morte, German"]
[Result "0-1"]
[WhiteElo "2112"]
[BlackElo "2318"]

1. c4 g6 2. Nc3 Bg7 3. d4 Nf6 4. e4 d6 5. Nf3 O-O 6. Be2 e5 7. O-O Nc6 8. d5
Ne7 9. Ne1 Nd7 10. Nd3 f5 11. Bd2 Nf6 12. f3 f4 13. c5 g5 14. cxd6 cxd6 15.
Nf2 Ng6 16. Qc2 Rf7 17. Rfc1 Ne8 18. a4 h5 19. Nb5 Bd7 20. Ra3 Rc8 21. Rc3
Rxc3 22. Bxc3 a6 23. Na3 Nh4 24. h3 g4 25. hxg4 hxg4 26. Nxg4 Bxg4 27. fxg4 Qb6+
28. Kf1 f3 29. gxf3 Nxf3 30. Bxf3 Rxf3+ 31. Kg2 Qe3 32. Be1 Rf4 33. Qd1
Qxe4+ 34. Kg3 Nf6 35. Rc8+ Bf8 36. Rc4 Qe3+ 37. Kg2 Nxg4 38. Bg3 Rxc4 39. Nxc4
Qe4+ 40. Kh3 Nf6 41. Nb6 Bh6 42. Qg1 Qf5+ 43. Kg2 Ng4 44. Nc4 Qe4+ 45. Kh3 Qxc4
46. Bf2 Qxa4 47. b3 Qxb3+ 48. Kxg4 Qxd5 49. Kh5+ Bg7 0-1

[Event "87th Argentinean Championship"]
[Site "Villa Martelli, ARG"]
[Date "2013.04.07"]
[Round "5.13"]
[White "Barrionuevo, Pablo"]
[Black "Montoro, Gustavo E."]
[Result "1-0"]
[WhiteElo "2269"]
[BlackElo "2050"]

1. d4 b6 2. e4 Bb7 3. Bd3 Nf6 4. f3 e6 5. Ne2 d5 6. e5 Nfd7 7. O-O c5 8. c3
Ba6 9. Bxa6 Nxa6 10. Be3 Be7 11. Nd2 Nc7 12. f4 g6 13. Nf3 Qc8 14. Bf2 Qb7 15.
Qe1 O-O-O 16. Bh4 Bxh4 17. Qxh4 h6 18. a4 Kb8 19. a5 b5 20. Qe7 cxd4 21.
Nexd4 Rhf8 22. Qd6 Kc8 23. Nc6 Nxe5 24. Nxd8 Nxf3+ 25. Rxf3 Rxd8 26. Qc5 a6 27.
Rd1 Kb8 28. Qe7 1-0

[Event "87th Argentinean Championship"]
[Site "Villa Martelli, ARG"]
[Date "2013.04.07"]
[Round "5.14"]
[White "Malbran, Guillermo"]
[Black "Radoszta, Armando E."]
[Result "1-0"]
[WhiteElo "2198"]
[BlackElo "1998"]

1. e4 c5 2. Nf3 e6 3. b3 Nc6 4. Bb2 Nf6 5. e5 Nd5 6. g3 Be7 7. Bg2 O-O 8. O-O
f5 9. d4 cxd4 10. Nxd4 Nxd4 11. Bxd4 Nb4 12. f4 d5 13. c3 Nc6 14. Be3 Bd7
15. Nd2 Qa5 16. b4 Qa3 17. Qb3 Qxb3 18. Nxb3 Rfc8 19. Rfc1 b6 20. a4 Kf7 21. b5
Nd8 22. c4 Rab8 23. cxd5 exd5 24. Bxd5+ Be6 25. Bxe6+ Nxe6 26. Kf2 h6 27.
Rxc8 Rxc8 28. Rc1 Rb8 29. Ke2 Rb7 30. Nd4 Nxd4+ 31. Bxd4 Bb4 32. Rc4 Bf8 33.
Rc6 Be7 34. Kf3 g6 35. e6+ Kg8 36. Rc8+ 1-0

[Event "87th Argentinean Championship"]
[Site "Villa Martelli, ARG"]
[Date "2013.04.07"]
[Round "5.16"]
[White "Arguinariz, Enrique"]
[Black "Fiori, Hector Dionisio"]
[Result "1/2-1/2"]
[WhiteElo "2082"]
[BlackElo "2171"]

1. d4 Nf6 2. c4 e6 3. Nf3 c5 4. Nc3 cxd4 5. Nxd4 a6 6. g3 Qc7 7. Qd3 Nc6 8.
Nxc6 Qxc6 9. e4 b6 10. Bg2 Bb7 11. Bd2 Rc8 12. b3 Bb4 13. f3 O-O 14. O-O b5
15. cxb5 Qc5+ 16. Kh1 Bxc3 17. Rac1 Qd4 18. Rxc3 Qxd3 19. Rxd3 d5 20. exd5 Nxd5
21. f4 axb5 22. f5 Rc2 23. fxe6 fxe6 24. Rxf8+ Kxf8 25. a3 Ra2 26. Bxd5
Bxd5+ 27. Kg1 Kf7 28. b4 Kg6 29. g4 Bc4 30. Rd4 Rxa3 31. Kf2 Bd5 32. h4 Kf6 33.
Bf4 Rb3 34. Bd6 g5 35. hxg5+ Kxg5 36. Be7+ Kg6 37. Rf4 Bc4 38. Rf6+ Kg7 39. g5
Rb1 40. Kg2 Rb2+ 41. Kg3 Rb1 42. Bf8+ Kg8 43. Bh6 Rf1 44. Rxf1 Bxf1 45. Kf4
Kf7 46. Ke5 Bc4 47. Kd6 Bf1 48. Ke5 Bh3 49. Kd6 Kg6 50. Ke5 Bf5 51. Kd4 Bg4
52. Ke5 Bh3 53. Kf4 Bf1 54. Ke5 Bc4 55. Kf4 Bb3 56. Ke5 Ba2 57. Kf4 Bc4 58.
Ke5 Kh5 59. Kf4 Kg6 60. Ke5 Kf7 61. Kd6 Kg8 62. Ke5 Kf7 63. Kd6 Kg6 64. Ke5 Kh5
65. Kf4 Kh4 66. Bg7 Kh3 67. Bf6 Kg2 68. Ke5 Kf3 69. Be7 1/2-1/2

[Event "87th Argentinean Championship"]
[Site "Villa Martelli, ARG"]
[Date "2013.04.07"]
[Round "5.17"]
[White "Mansilla, Martin"]
[Black "Fiori, Alberto Nicolas"]
[Result "1/2-1/2"]
[WhiteElo "2071"]
[BlackElo "2128"]

1. Nf3 c5 2. c4 Nc6 3. d4 cxd4 4. Nxd4 g6 5. Nc3 Bg7 6. Nc2 Bxc3+ 7. bxc3 f5
8. g3 Qa5 9. Bd2 Nf6 10. Bg2 d6 11. O-O Ne5 12. Ne3 Rb8 13. Nd5 Nxd5 14. cxd5
Bd7 15. c4 Qa4 16. c5 Qxd1 17. Rfxd1 Kf7 18. Rdc1 Rhc8 19. f4 Ng4 20. c6
bxc6 21. dxc6 Be6 22. Rab1 Rxb1 23. Rxb1 Nf6 24. Ba5 Bxa2 25. Rb7 Bd5 26. c7 Ke6
27. Rb8 Kd7 28. e4 Bxe4 29. Bf1 Rxc7 30. Bxc7 Kxc7 31. Rb2 Kc6 32. Ra2 Kb6
33. Rb2+ 1/2-1/2

[Event "87th Argentinean Championship"]
[Site "Villa Martelli, ARG"]
[Date "2013.04.07"]
[Round "5.18"]
[White "Pineiro, Dario"]
[Black "Tomas Falcon, Jesus"]
[Result "1-0"]
[WhiteElo "2194"]
[BlackElo "1896"]

1. c4 e5 2. g3 Nc6 3. Bg2 Bc5 4. Nc3 Nf6 5. e3 O-O 6. Nge2 d6 7. O-O Bf5 8.
d4 exd4 9. exd4 Bb6 10. Be3 Re8 11. c5 Ba5 12. Qa4 d5 13. Bg5 Bd3 14. Rfe1
Bxe2 15. Rxe2 Bxc3 16. Rxe8+ Qxe8 17. bxc3 Ne4 18. Re1 Qd7 19. Bxe4 dxe4 20. Qc2
h6 21. Bc1 f5 22. Qb3+ Kh7 23. Qxb7 Rf8 24. Bf4 Rf7 25. h4 g5 26. hxg5 hxg5
27. Bxg5 f4 28. Qb1 Kg6 29. Bxf4 Rxf4 30. gxf4 Qg4+ 31. Kf1 Qh3+ 32. Ke2 Kf5
33. Kd2 Qf3 34. Qb5 Qxf2+ 35. Qe2 Qxf4+ 36. Kc2 Ke6 37. Rf1 Qh4 38. Qc4+ Kd7
39. Qd5+ Kc8 40. Qxc6 Qe7 1-0

[Event "87th Argentinean Championship"]
[Site "Villa Martelli, ARG"]
[Date "2013.04.07"]
[Round "5.19"]
[White "Lorenzini, Martin"]
[Black "Lopez Rebert, Pablo"]
[Result "1-0"]
[WhiteElo "2488"]
[BlackElo "2049"]

1. e4 e6 2. d4 d5 3. Nd2 dxe4 4. Nxe4 Nd7 5. Nf3 Ngf6 6. Nxf6+ Nxf6 7. c3 c5
8. Ne5 cxd4 9. Bb5+ Bd7 10. Nxd7 Nxd7 11. Qxd4 a6 12. Ba4 b5 13. Bc2 Qf6 14.
Qe4 Qe5 15. O-O Bd6 16. Qxa8+ Ke7 17. Bf4 Qxf4 18. g3 Rxa8 19. gxf4 Bxf4 20.
a4 Rb8 21. axb5 Rxb5 22. Rxa6 Rg5+ 23. Kh1 {Ilegible} 1-0

[Event "87th Argentinean Championship"]
[Site "Villa Martelli, ARG"]
[Date "2013.04.07"]
[Round "5.20"]
[White "Ferrara, Alexis Roberto"]
[Black "Brea, Emanuel"]
[Result "1/2-1/2"]
[WhiteElo "2195"]
[BlackElo "1880"]

1. e4 c6 2. d4 d5 3. Nc3 dxe4 4. Nxe4 Bf5 5. Ng3 Bg6 6. Nf3 Nd7 7. h4 h6 8.
h5 Bh7 9. Bd3 Bxd3 10. Qxd3 Ngf6 11. Bf4 e6 12. O-O-O Be7 13. c4 O-O 14. Kb1
Qa5 15. Qe2 Rfe8 16. Ne5 Rad8 17. Ne4 Nxe4 18. Qxe4 Nf6 19. Qf3 c5 20. d5 exd5
21. cxd5 Bd6 22. Nc4 Qa6 23. Nxd6 Rxd6 24. Bxd6 Qxd6 25. Rhe1 Rd8 26. Rd2 b5
27. Qf5 c4 28. g4 Qb4 29. Qc2 Nxd5 30. Red1 Qc5 31. Qf5 c3 32. bxc3 Qxc3 33.
Rxd5 Qb4+ 34. Kc1 Qc3+ 35. Kb1 Qb4+ 36. Kc2 Qc4+ 37. Kb1 Qb4+ 38. Kc1
1/2-1/2

[Event "87th Argentinean Championship"]
[Site "Villa Martelli, ARG"]
[Date "2013.04.08"]
[Round "6.1"]
[White "Flores, Diego"]
[Black "Liascovich, Lucas Agustin"]
[Result "1-0"]
[WhiteElo "2600"]
[BlackElo "2410"]

1. c4 e5 2. Nc3 Nf6 3. Nf3 Nc6 4. e3 Bb4 5. Qc2 O-O 6. Nd5 Re8 7. Qf5 d6 8.
Nxf6+ Qxf6 9. Qxf6 gxf6 10. a3 Bc5 11. b4 Bb6 12. Bb2 a5 13. b5 Nb8 14. d4 Bg4
15. c5 dxc5 16. dxe5 a4 17. O-O-O fxe5 18. h3 Bxf3 19. gxf3 Kf8 20. Rg1 c6
21. Rd6 Ke7 22. Rh6 Nd7 23. bxc6 bxc6 24. Bc4 Rg8 25. Rd1 Rg2 26. Bxf7 Rxf2
27. Bc4 Nf6 28. Bxe5 Rxf3 29. Rd6 Ng8 1-0

[Event "87th Argentinean Championship"]
[Site "Villa Martelli, ARG"]
[Date "2013.04.08"]
[Round "6.2"]
[White "Mahia, Gustavo"]
[Black "Mareco, Sandro"]
[Result "1/2-1/2"]
[WhiteElo "2371"]
[BlackElo "2580"]

1. e4 c5 2. Nf3 d6 3. d4 cxd4 4. Nxd4 Nf6 5. Nc3 a6 6. f4 e5 7. Nf3 Nbd7 8.
Bc4 Be7 9. O-O O-O 10. a4 Qc7 11. Qe2 Nb6 12. Bb3 Be6 13. Bxe6 fxe6 14. Ng5
Qc8 15. a5 Nc4 16. f5 exf5 17. exf5 Qc6 18. Ne6 Rf7 19. Ng5 Rff8 20. Ne6 Rf7
21. Ng5 Rff8 22. Ne6 Rf7 1/2-1/2

[Event "87th Argentinean Championship"]
[Site "Villa Martelli, ARG"]
[Date "2013.04.08"]
[Round "6.3"]
[White "Villanueva, Mario"]
[Black "Valerga, Diego"]
[Result "1-0"]
[WhiteElo "2379"]
[BlackElo "2502"]

1. e4 c6 2. d4 d5 3. Nc3 dxe4 4. Nxe4 Bf5 5. Ng3 Bg6 6. h4 h6 7. Nf3 Nd7 8.
h5 Bh7 9. Bd3 Bxd3 10. Qxd3 e6 11. Bd2 Ngf6 12. O-O-O Qc7 13. Ne4 O-O-O 14.
Kb1 c5 15. Nxf6 Nxf6 16. Qa3 Kb8 17. Qa4 Nd5 18. Ba5 b6 19. Ne5 Rc8 20. Nd7+
Kb7 21. c4 Nb4 22. Nxc5+ Bxc5 23. dxc5 Nc6 24. cxb6 axb6 25. Bc3 Rhd8 26. c5
bxc5 27. Qb5+ Ka8 28. Qxc5 Qb7 29. Bxg7 Rxd1+ 30. Rxd1 Na7 31. Qd4 Qxg2 32.
Bxh6 Qf3 33. Be3 Qf5+ 34. Ka1 Nb5 35. Qb6 Qxh5 36. Qa6+ Kb8 37. Bf4+ Nc7 38.
Bxc7+ 1-0

[Event "87th Argentinean Championship"]
[Site "Villa Martelli, ARG"]
[Date "2013.04.08"]
[Round "6.4"]
[White "Krysa, Leandro Sergio"]
[Black "Iermito, Sebastian"]
[Result "1/2-1/2"]
[WhiteElo "2378"]
[BlackElo "2463"]

1. d4 d5 2. Nf3 Nf6 3. c4 dxc4 4. e3 Bg4 5. Bxc4 e6 6. Nc3 a6 7. h3 Bh5 8. g4
Bg6 9. Ne5 c5 10. Qf3 Ra7 11. h4 cxd4 12. exd4 Qxd4 13. Bf4 Nbd7 14. Nxd7
Nxd7 15. Be2 Bb4 16. O-O Bxc3 17. Be3 Be4 18. Qg3 Qe5 19. Qxe5 1/2-1/2

[Event "87th Argentinean Championship"]
[Site "Villa Martelli, ARG"]
[Date "2013.04.08"]
[Round "6.5"]
[White "Julia, Ernesto"]
[Black "Slipak, Sergio"]
[Result "1/2-1/2"]
[WhiteElo "2374"]
[BlackElo "2438"]

1. Nf3 Nf6 2. g3 d5 3. Bg2 g6 4. c4 c6 5. cxd5 cxd5 6. d4 Bg7 7. O-O O-O 8.
Ne5 Ng4 9. Nxg4 Bxg4 10. Nc3 Nc6 11. h3 Be6 12. e4 Nxd4 13. Nxd5 Rc8 14. Rb1
Bd7 1/2-1/2

[Event "87th Argentinean Championship"]
[Site "Villa Martelli, ARG"]
[Date "2013.04.08"]
[Round "6.6"]
[White "Diaz Hollemaert, Nahuel"]
[Black "Lujan, Carolina"]
[Result "1/2-1/2"]
[WhiteElo "2418"]
[BlackElo "2366"]

1. Nf3 Nf6 2. c4 g6 3. Nc3 d5 4. cxd5 Nxd5 5. Qc2 Bg7 6. e4 Nxc3 7. dxc3 c5
8. Bf4 O-O 9. Bc4 Nc6 10. h3 Na5 11. Be2 c4 12. O-O b5 13. Rad1 Qb6 14. Rfe1
Re8 15. e5 Nc6 1/2-1/2

[Event "87th Argentinean Championship"]
[Site "Villa Martelli, ARG"]
[Date "2013.04.08"]
[Round "6.7"]
[White "Dolezal, Cristian"]
[Black "Fabian, Gaston"]
[Result "1-0"]
[WhiteElo "2415"]
[BlackElo "2336"]

1. e4 c5 2. Nc3 d6 3. f4 g6 4. Nf3 Bg7 5. g3 Nc6 6. Bg2 e6 7. d3 Nge7 8. Be3
O-O 9. O-O b6 10. Bf2 Ba6 11. g4 f5 12. Ng5 Qd7 13. exf5 exf5 14. Re1 Bb7 15.
Ne6 Nd4 16. Nxf8 Rxf8 17. g5 Bxg2 18. Kxg2 Qb7+ 19. Kg3 Nec6 20. Nd5 Qf7 21.
c4 Ne6 22. Rb1 h6 23. h4 hxg5 24. hxg5 Ne7 25. Nxe7+ Qxe7 26. Qf3 Re8 27.
Kg2 Qf7 28. Kf1 Bd4 29. Bxd4 Nxd4 30. Rxe8+ Qxe8 31. Qd5+ 1-0

[Event "87th Argentinean Championship"]
[Site "Villa Martelli, ARG"]
[Date "2013.04.08"]
[Round "6.8"]
[White "Perez Ponsa, Federico"]
[Black "Perez, Maximiliano"]
[Result "1-0"]
[WhiteElo "2476"]
[BlackElo "2298"]

1. e4 e5 2. Nf3 Nc6 3. Bb5 Nf6 4. d3 Bc5 5. c3 d6 6. O-O O-O 7. Nbd2 Ne7 8.
d4 exd4 9. cxd4 Bb6 10. Bd3 Nc6 11. d5 Nd4 12. h3 Nd7 13. Nc4 Nxf3+ 14. Qxf3
Bd4 15. Be3 Bf6 16. Qe2 Re8 17. Rac1 a5 18. a4 g6 19. f4 b6 20. Qf3 Ba6 21. b3
Qe7 22. Rce1 Bxc4 23. bxc4 Bc3 24. Re2 Qf6 25. Kh1 Bd4 26. Bd2 Qg7 27. Bc2
Re7 28. e5 Rae8 29. e6 fxe6 30. dxe6 Rxe6 31. Rxe6 Rxe6 32. f5 Re8 33. fxg6
hxg6 34. Bh6 Rf8 35. Qd5+ Kh7 36. Rxf8 Kxh6 37. Rg8 1-0

[Event "87th Argentinean Championship"]
[Site "Villa Martelli, ARG"]
[Date "2013.04.08"]
[Round "6.9"]
[White "Barrionuevo, Pablo"]
[Black "Real De Azua, Ernesto"]
[Result "0-1"]
[WhiteElo "2269"]
[BlackElo "2450"]

1. e4 c5 2. c3 d5 3. exd5 Qxd5 4. d4 g6 5. Nf3 Bg7 6. dxc5 Qxc5 7. Be3 Qc7 8.
Be2 Nf6 9. Na3 Nc6 10. h3 O-O 11. Qc1 Nd5 12. O-O Nxe3 13. Qxe3 Bd7 14. Rfd1
Rad8 15. Nb5 Qb8 16. a4 a6 17. Na3 h6 18. Bc4 e6 19. Nc2 Qc7 20. Bf1 Ne7 21.
Nb4 Nf5 22. Qe1 a5 23. Nd3 e5 24. Nc1 Bc6 25. Rxd8 Rxd8 26. Nd2 b6 27. Ncb3
Qb7 28. Qe2 Nh4 29. Qg4 Bf6 30. f3 Nf5 31. Bb5 Bxb5 32. axb5 Qd7 33. c4 h5
34. Qe4 Bg5 35. Nf1 Qd3 36. Qxd3 Rxd3 37. Nc1 Rd1 38. Nb3 Rd3 39. Nc1 Rd4 40.
c5 bxc5 41. Nb3 Rb4 42. Nxc5 Rxb5 43. Ne4 Bd8 44. Ra2 Bb6+ 45. Kh2 h4 46. Nc3
Rc5 47. Nd2 Rc8 48. Nde4 Kg7 49. Nd5 Bd8 50. b4 axb4 51. Nxb4 Bb6 52. Nd3 Bd4
53. Re2 Ra8 54. Re1 Ra2 55. Nb4 Rb2 56. Nd3 Rb3 57. Ndc5 Ra3 58. Kh1 Ra2 59.
Nb3 Be3 60. Nc1 Ra3 61. Ne2 Ra2 62. N2c3 Rc2 63. Nd5 Bd4 64. Rb1 Ng3+ 65.
Nxg3 hxg3 66. Nb4 Rc4 67. Nd3 f5 68. Nc1 Rc2 69. Nb3 Be3 70. Re1 Rc3 71. Rb1
Kf6 72. Na5 Ke6 73. Nb7 Kd5 74. Rd1+ Bd4 75. Rb1 e4 76. fxe4+ fxe4 77. Na5 e3
78. Nb3 e2 79. Nd2 Rd3 0-1

[Event "87th Argentinean Championship"]
[Site "Villa Martelli, ARG"]
[Date "2013.04.08"]
[Round "6.10"]
[White "Pichot, Alan"]
[Black "Malbran, Guillermo"]
[Result "1-0"]
[WhiteElo "2327"]
[BlackElo "2198"]

1. e4 g6 2. d4 Bg7 3. c4 c6 4. Nc3 d6 5. Be3 Nf6 6. f3 a6 7. a4 a5 8. Qd2 h5
9. Nge2 Na6 10. Nf4 e5 11. Nfe2 Nd7 12. d5 Ndc5 13. Rd1 Nb3 14. Qc2 Nac5 15.
Nc1 Nxc1 16. Bxc5 dxc5 17. dxc6 Qg5 18. cxb7 Bxb7 19. Qxc1 Qh4+ 20. g3 Qf6
21. Qe3 O-O 22. Be2 Qb6 23. O-O Rad8 24. Nd5 Bxd5 25. cxd5 Qxb2 26. Bb5 Qb4 27.
Rf2 Kh7 28. Rc2 Bh6 29. Qe2 Rc8 30. Rc4 Qb3 31. Rd3 Qb1+ 32. Kg2 Rfd8 33. d6
Qa1 34. Rd5 f6 35. d7 Rc7 36. Rcxc5 Rxc5 37. Rxc5 Bf8 38. Rc8 Be7 39. Qd2
Qd4 40. Qxd4 exd4 41. Kf2 Kg7 42. Ke2 f5 43. e5 Rf8 44. e6 Rd8 45. f4 Bf6 46.
Kd3 Kf8 47. Rc6 Ke7 48. Ra6 {Tiempo} 1-0

[Event "87th Argentinean Championship"]
[Site "Villa Martelli, ARG"]
[Date "2013.04.08"]
[Round "6.11"]
[White "Della Morte, German"]
[Black "Bertaccini, Daniel"]
[Result "1-0"]
[WhiteElo "2318"]
[BlackElo "2176"]

1. e4 c5 2. Nf3 d6 3. d4 cxd4 4. Nxd4 Nf6 5. Nc3 g6 6. Be3 Bg7 7. f3 O-O 8.
Qd2 Nc6 9. Bc4 Bd7 10. O-O-O Rc8 11. Bb3 Ne5 12. h4 h5 13. Bg5 Rc5 14. Kb1 b5
15. Nd5 Nxd5 16. exd5 a5 17. a3 Nc4 18. Qe2 Re8 19. g4 hxg4 20. h5 Rxd5 21.
f4 gxh5 22. Rxh5 Rxd4 23. Rxd4 Bxd4 24. Qd3 1-0

[Event "87th Argentinean Championship"]
[Site "Villa Martelli, ARG"]
[Date "2013.04.08"]
[Round "6.13"]
[White "Giardelli, Sergio C."]
[Black "Fiori, Alberto Nicolas"]
[Result "1-0"]
[WhiteElo "2346"]
[BlackElo "2128"]

1. c4 c5 2. Nf3 Nc6 3. g3 g6 4. Bg2 Bg7 5. Nc3 e5 6. a3 a5 7. O-O Nge7 8. Ne1
O-O 9. Nc2 d6 10. Rb1 Be6 11. Ne3 Rb8 12. d3 Qd7 13. Ned5 b6 14. Qa4 Bh3 15.
Bxh3 Qxh3 16. Ne4 Nxd5 17. Qxc6 Ne7 18. Qc7 Nf5 19. Be3 Rfc8 20. Qa7 h6 21.
b4 cxb4 22. axb4 b5 23. bxa5 Ra8 24. Qd7 bxc4 25. dxc4 Rxc4 26. Nxd6 Rh4 27.
Qxf7+ Kh7 28. gxh4 Nxd6 29. Qd5 Rd8 30. a6 Qg4+ 31. Qg2 Qxe2 32. a7 Re8 33.
Rfe1 1-0

[Event "87th Argentinean Championship"]
[Site "Villa Martelli, ARG"]
[Date "2013.04.08"]
[Round "6.14"]
[White "Cuevas, Alex"]
[Black "Arguinariz, Enrique"]
[Result "1-0"]
[WhiteElo "2298"]
[BlackElo "2082"]

1. e4 c5 2. Nf3 e6 3. d3 Nc6 4. g3 d6 5. Bg2 g6 6. O-O Bg7 7. c3 d5 8. Qe2
dxe4 9. dxe4 e5 10. Rd1 Qe7 11. b4 cxb4 12. cxb4 Bg4 13. Be3 Nd4 14. Bxd4 exd4
15. Qb5+ Qd7 16. Qxd7+ Kxd7 17. Na3 Rd8 18. Nc4 Bxf3 19. Bxf3 b5 20. Na5 Ne7
21. Be2 Rb8 22. a4 a6 23. Nb3 bxa4 24. Nxd4 Kc7 25. Rxa4 Rhd8 26. Rc1+ Kd7
27. Nb3 Nc6 28. Rxa6 Nxb4 29. Ra7+ Ke8 30. Rcc7 Nc6 31. Rxc6 Rxb3 32. Rcc7
{Tiempo} 1-0

[Event "87th Argentinean Championship"]
[Site "Villa Martelli, ARG"]
[Date "2013.04.08"]
[Round "6.16"]
[White "Perez Pietronave, Carlos"]
[Black "Franco, Gaston Nicolas"]
[Result "1-0"]
[WhiteElo "2203"]
[BlackElo "2042"]

1. f4 d5 2. g3 g6 3. Bg2 Bg7 4. Nf3 Nf6 5. O-O O-O 6. d3 c5 7. Nc3 Nc6 8. e4
e6 9. Ne5 Nxe5 10. fxe5 Nd7 11. exd5 exd5 12. Nxd5 Nxe5 13. Be3 Be6 14. Nf4
Ng4 15. Bxc5 Bd4+ 16. Kh1 Bxc5 17. Nxe6 Ne3 18. Nxd8 Nxd1 19. Raxd1 Rfxd8 20.
b4 Bxb4 21. Bxb7 Rab8 22. Ba6 Bc3 23. Bc4 Rb7 24. Rb1 Rdd7 25. Rxf7 Rxb1+ 26.
Rf1+ Kg7 27. Rxb1 Re7 28. Rb8 Bd4 29. Rb1 Bb6 30. a4 h5 31. Bd5 Re2 32. Bb3
Ba5 33. Rf1 Re1 34. Rxe1 Bxe1 35. Kg2 Kf6 36. Kf3 h4 37. gxh4 Kf5 38. d4 Bxh4
39. c4 Be7 40. Bc2+ Kf6 41. Ke4 Ke6 42. c5 Bf6 43. d5+ Kd7 44. Bd3 1-0

[Event "87th Argentinean Championship"]
[Site "Villa Martelli, ARG"]
[Date "2013.04.08"]
[Round "6.17"]
[White "Fiori, Hector Dionisio"]
[Black "Mayo, Raul"]
[Result "1-0"]
[WhiteElo "2171"]
[BlackElo "2112"]

1. e4 c5 2. Nf3 e6 3. d4 cxd4 4. Nxd4 Bc5 5. Nb3 Bb6 6. Nc3 Ne7 7. Qh5 Nbc6
8. Bg5 O-O 9. Bd3 f6 10. Bf4 Ne5 11. O-O-O Bc7 12. Be3 a6 13. Be2 f5 14. f4
N5c6 15. e5 d5 16. exd6 Bxd6 17. Kb1 Qc7 18. g3 b5 19. Bxb5 Nb4 20. Bd3 Bb7 21.
Rhe1 Ned5 22. Bd4 Nxc3+ 23. Bxc3 Bd5 24. a3 Nxd3 25. Rxd3 Be4 26. Rd4 Rab8
27. Rdxe4 fxe4 28. Rxe4 Bxa3 29. Bxg7 Kxg7 30. bxa3 Rf5 31. Qe2 Rc5 32. Kb2
Kf7 33. Rd4 Rc6 34. Qd3 Kg8 35. Qe2 Qg7 36. Ka2 Qg6 37. Re4 Rbc8 38. c4 Rb8 39.
g4 Rcb6 40. Re3 a5 41. c5 Rb5 42. Rxe6 Qf7 43. Nd4 Rb2+ 44. Qxb2 Rxb2+ 45.
Kxb2 Qxf4 46. Re8+ 1-0

[Event "87th Argentinean Championship"]
[Site "Villa Martelli, ARG"]
[Date "2013.04.08"]
[Round "6.18"]
[White "Tomas Falcon, Jesus"]
[Black "Ferrara, Alexis Roberto"]
[Result "0-1"]
[WhiteElo "1896"]
[BlackElo "2195"]

1. d4 Nf6 2. c4 d6 3. Nc3 Nbd7 4. e4 e5 5. Nf3 Be7 6. g4 exd4 7. Nxd4 Nc5 8.
f3 g6 9. Be3 c6 10. Qd2 Qa5 11. Nc2 Qc7 12. O-O-O Be6 13. g5 Nh5 14. f4 f6
15. f5 Bf7 16. Bd4 Nd7 17. Be2 Ne5 18. Bxe5 dxe5 19. Bxh5 gxh5 20. Rhf1 Bxc4
21. gxf6 Bxf6 22. Qh6 Qf7 23. Rg1 Rd8 24. Rxd8+ Kxd8 25. Ne3 Ba6 26. Ned5 cxd5
27. Nxd5 Rf8 28. Rd1 Kc8 29. Kb1 Kb8 30. Nb4 Bc4 31. Rd6 a5 32. Nc2 Bxa2+ 33.
Kc1 Bb3 34. Na3 Qc7+ 35. Nc4 Qxc4+ 36. Kb1 Qf1+ 0-1

[Event "87th Argentinean Championship"]
[Site "Villa Martelli, ARG"]
[Date "2013.04.08"]
[Round "6.20"]
[White "Brea, Emanuel"]
[Black "Montoro, Gustavo E."]
[Result "1-0"]
[WhiteElo "1880"]
[BlackElo "2050"]

1. d4 b6 2. c4 Bb7 3. Nc3 e6 4. e4 Bb4 5. Qc2 Qh4 6. d5 f5 7. Bd2 fxe4 8. g3
Qe7 9. O-O-O Nf6 10. Nxe4 Nxe4 11. Qxe4 Na6 12. Nf3 Bxd2+ 13. Rxd2 Nc5 14.
Qg4 O-O 15. b4 Qf6 16. Nd4 exd5 17. bxc5 bxc5 18. Nc2 Rab8 19. Bg2 Bc6 20. Re1
Qb2+ 21. Kd1 Rbe8 22. Re3 Qb1+ 23. Ke2 d4 24. Bxc6 dxe3 25. Bd5+ Kh8 26. Nxe3
d6 27. h4 Rf6 28. h5 h6 29. Qd7 Rff8 30. Qxc7 Qg1 31. Bf3 Rxf3 32. Kxf3 Rf8+
33. Kg4 Qb1 34. Qe7 Qb8 35. Rxd6 Qc8+ 36. Rd7 Rg8 37. Nf5 1-0

[Event "87th Argentinean Championship"]
[Site "Villa Martelli, ARG"]
[Date "2013.04.09"]
[Round "7.1"]
[White "Flores, Diego"]
[Black "Villanueva, Mario"]
[Result "0-1"]
[WhiteElo "2600"]
[BlackElo "2379"]

1. c4 Nf6 2. g3 g6 3. Bg2 Bg7 4. Nc3 O-O 5. d3 Nc6 6. e3 a6 7. Nge2 Rb8 8. b3
d6 9. Bb2 Bd7 10. Qd2 Qc8 11. h3 e5 12. Rc1 Re8 13. g4 h5 14. g5 Nh7 15. h4
Nd8 16. Ng3 Ne6 17. O-O Qd8 18. Nce2 f5 19. f4 exf4 20. Nxf4 Nxf4 21. Rxf4
Bxb2 22. Qxb2 Rxe3 23. Bd5+ Be6 24. Nf1 Re5 25. d4 Bxd5 26. dxe5 Nxg5 27. Rc3
Ne6 28. Rxf5 Be4 29. Rf6 dxe5 30. Qf2 Nf4 31. Rxf4 exf4 32. Qxf4 Bf5 33. Re3
Qd7 34. Ng3 Rf8 35. Qe5 Qd1+ 36. Kh2 Bg4 37. Qd5+ Qxd5 38. cxd5 Rf2+ 39. Kg1
Rf3 40. Nf1 Kf7 41. Re4 Bf5 42. Rd4 Rd3 43. Rc4 Rxd5 44. Rxc7+ Rd7 45. Rc5 Be4
46. Kf2 Bc6 47. Rc4 Rd1 48. Rc2 Rd4 49. Ne3 Rxh4 50. Kg3 Re4 51. Nc4 h4+ 52.
Kh3 Bd7+ 53. Kh2 Ke6 54. Rg2 Be8 55. Rd2 Bb5 56. Nd6 Re2+ 57. Rxe2+ Bxe2 58.
Nxb7 g5 59. Nc5+ Kf5 60. Kg2 g4 61. Kf2 Bb5 62. a4 Bc6 0-1

[Event "87th Argentinean Championship"]
[Site "Villa Martelli, ARG"]
[Date "2013.04.09"]
[Round "7.2"]
[White "Perez Ponsa, Federico"]
[Black "Mahia, Gustavo"]
[Result "1-0"]
[WhiteElo "2476"]
[BlackElo "2371"]

1. e4 c6 2. d4 d5 3. Nc3 dxe4 4. Nxe4 Bf5 5. Ng3 Bg6 6. h4 h6 7. Nf3 Nd7 8.
h5 Bh7 9. Bd3 Bxd3 10. Qxd3 e6 11. Bd2 Ngf6 12. O-O-O Be7 13. Ne4 Nxe4 14.
Qxe4 Nf6 15. Qd3 a5 16. Kb1 a4 17. Ne5 a3 18. b3 O-O 19. g4 Nd7 20. Nf3 c5 21.
g5 hxg5 22. Rdg1 cxd4 23. Nxg5 Bxg5 24. Bxg5 f6 25. Bf4 Qe8 26. Rg6 Rf7 27.
Rhg1 Nf8 28. Qg3 Nxg6 29. hxg6 Rd7 30. Qh3 e5 31. Bd2 Ra6 32. Bb4 Rad6 33. Qh7+
Kf8 34. Bxd6+ Rxd6 35. Qh8+ Ke7 36. Qxg7+ Ke6 37. Qxb7 Rd7 38. Qc6+ Ke7 39.
Qc5+ Ke6 40. g7 Qg8 41. Qf8 1-0